| Tag |
First Indicator |
Second Indicator |
Subfields |
| LEADER |
00000cam a2200000 a 4500 |
| 001 |
in00000011600 |
| 005 |
20151007051646.0 |
| 008 |
880226s1987 ncua f 00100 eng d |
| 020 |
|
|
|a 1555440711
|
| 035 |
|
|
|a (OCoLC)17542810
|
| 035 |
|
|
|9 AAA4140AM
|
| 040 |
|
|
|a TXA
|c TXA
|d OCC
|d TXA
|d UtOrBLW
|
| 049 |
|
|
|a TXAM
|c [A11043254]
|
| 050 |
|
4 |
|a QA276.4
|b .C483 1987
|
| 090 |
|
|
|a QA276.4.A1
|b S37 P-171
|
| 245 |
0 |
0 |
|a Changes and enhancements to base SAS software for personal computers, release 6.03.
|
| 264 |
|
1 |
|a Cary, NC :
|b SAS Institute Inc.,
|c [1987]
|
| 264 |
|
4 |
|c ©1987
|
| 300 |
|
|
|a xiv, 383 pages :
|b illustrations ;
|c 28 cm.
|
| 336 |
|
|
|a text
|b txt
|2 rdacontent
|
| 337 |
|
|
|a unmediated
|b n
|2 rdamedia
|
| 338 |
|
|
|a volume
|b nc
|2 rdacarrier
|
| 490 |
1 |
|
|a SAS technical report ;
|v P-171
|
| 500 |
|
|
|a Includes index.
|
| 650 |
|
0 |
|a Electronic data processing
|v Handbooks, manuals, etc.
|
| 630 |
0 |
0 |
|a SAS (Computer file)
|
| 710 |
2 |
|
|a SAS Institute.
|
| 830 |
|
0 |
|a SAS technical report ;
|v P-171.
|
| 999 |
|
|
|a MARS
|
| 999 |
f |
f |
|s 03e82806-86aa-342b-b2ea-97330594107c
|i 46a7d5d4-1bfd-32ac-908a-70c35065b7e3
|t 0
|
| 952 |
f |
f |
|p ric
|a Texas A&M University
|b Rellis Campus
|c Joint Library Facility
|d Remote Storage
|t 0
|e QA276.4.A1 S37 P-171
|h Library of Congress classification
|i unmediated -- volume
|m A14811043254
|
| 998 |
f |
f |
|a QA276.4.A1 S37 P-171
|t 0
|l Remote Storage
|